000 00698nam a2200241 a 4500
001 53707
003 BD-RjUL
005 20211209080016.0
008 161024s1963 enka b 001 0 eng
035 _a(BD-RjUL)53829
040 _aDLC/ICU
_cICU
_dDLC
_beng
041 _aeng
082 0 0 _a536.7
_223
_bWIT 1963
100 1 _aWilks, J.
_q(John),
_d1922-
_9160485
245 1 4 _aThe third law of thermodynamics /
_cJ Wilks
260 _aLondon :
_bOxford University Press,
_cc1963
300 _a142 p. :
_bill. ;
_c21 cm.
500 _aIncludes index
650 0 _aThermodynamics.
_9160487
942 _2ddc
_cBK
999 _c53707
_d53707